Ranjit Singh (Record no. 438141)

000 -LEADER
fixed length control field 00521cam a22001697a 4500
008 - FIXED-LENGTH DATA ELEMENTS--GENERAL INFORMATION
fixed length control field 180718b1892 xxu||||| |||| 00| 0 eng d
082 ## - DEWEY DECIMAL CLASSIFICATION NUMBER
Classification number A6x54 R861/R165
100 ## - MAIN ENTRY--PERSONAL NAME
Personal name Griffin, Lepal
245 ## - TITLE STATEMENT
Title Ranjit Singh
Statement of responsibility, etc. by Lepal Griffin
260 ## - PUBLICATION, DISTRIBUTION, ETC.
Place of publication, distribution, etc. Oxford
Name of publisher, distributor, etc. Clarendon Press
Date of publication, distribution, etc. 1892
300 ## - PHYSICAL DESCRIPTION
Extent 223+p.
440 ## - SERIES STATEMENT/ADDED ENTRY--TITLE
Title Rulers of India
650 ## - SUBJECT ADDED ENTRY--TOPICAL TERM
Topical term or geographic name entry element Punjab (India) --History, Military
650 ## - SUBJECT ADDED ENTRY--TOPICAL TERM
Topical term or geographic name entry element Generals --India --Punjab --Biography
650 ## - SUBJECT ADDED ENTRY--TOPICAL TERM
Topical term or geographic name entry element Sikhs --History
650 ## - SUBJECT ADDED ENTRY--TOPICAL TERM
Topical term or geographic name entry element Ranjit Singh, Maharaja of the Punjab, 1780-1839
Holdings
Withdrawn status Lost status Damaged status Not for loan Permanent Location Current Location Date acquired Full call number Barcode Date last seen Price effective from Koha item type
        Indian Institute of Public Administration Indian Institute of Public Administration 2010-04-02 A6x54 R861/R165 3365 2018-07-21 2018-07-21 Book

Powered by Koha